01220nam a2200277 i 4500001000700000003000900007005001700016007000300033008004100036020001800077080001700095100004400112245027800156260005200434300003000486490003000516500004300546650005000589700002600639700003800665740002700703830003800730852003300768999001900801952012200820125559ES-MaACL20260304164125.0t|070619s1981 fr ||||1| fre d a2-7304-0076-1 a821.133.1-311 aRhoides, Emmanouel, d1836-1904917289713aLa Papesse Jeanne b: roman médiéval / cEmmanuel Rhoïdès ; traduit par Alfred Jarry et Jean Saltas de l'ouvre grecque. (Suivi de) Le Moutardier du pape : opérette bouffe en 3 actes / Alfred Jarry ; édition établie, annotée et présentée par Marc Voline. aParis : bNouvelles éditions Oswald, c[1981] a279 p. : bil. ; c22 cm.1 aLes Oiseaux de nuit ; v2 aBiblioteca Jacinto Martínez Lacalle. 4aJuana, Papisa (Personaje de ficción)9139651 aVoline, Marc.91156941 aJarry, Alfred, d1873-19079661443 aLe Moutardier du pape.0 aLes Oiseaux de nuit ; v29219051 aES-MaACLjE-11722 bR.139736 c125559d125559 00104070aATENEOMbATENEOMcDEPO2d2008-01-17eSCl0oE-11722p1130798r2023-02-23 00:00:00w2023-02-23yMONOGRAFIA